000 00528nam a2200217Ia 4500
003 OSt
005 20221006151302.0
006 a|||||r|||| 00| 0
007 ta
008 221006b |||||||| |||| 00| 0 eng d
024 _a21,575
037 _cTextual
040 _aEASL
_cEASL
_beng
041 _2eng
_aeng
100 _aTAO Te Ching
_9651093
245 0 _aWritings of Chuang-Tzu
260 _an
_bBook World Co.
_c1963
300 _a790p.
_ccm.
942 _cTEXL
_2CC
999 _c1089661
_d1089661